书目信息 |
| 题名: |
农村架空电力线路的安装和检修
|
|
| 作者: | 刘熙民 编 ;水力电力部办公厅图书编辑部 编辑 | |
| 分册: | ||
| 出版信息: | 北京 中国工业出版社 1966 |
|
| 页数: | 136页 | |
| 开本: | 19cm | |
| 丛书名: | ||
| 单 册: | ||
| 中图分类: | TM727.1 | |
| 科图分类: | ||
| 主题词: | 农村配电--架空线路--安装 , 农村配电--架空线路--检修 | |
| 电子资源: | ||
| ISBN: | K15165.4568(水电-623) | |
| 000 | 00923cam0 2200265 450 | |
| 001 | 0105506999 | |
| 005 | 20080226150258.0 | |
| 010 | @aK15165.4568(水电-623)@dCNY0.30 | |
| 091 | @aK15165.4568(水电-623)@dCNY0.30 | |
| 100 | @a19960318d1966 em y0chiy0110 ea | |
| 101 | 0 | @achi |
| 102 | @aCN@b110000 | |
| 105 | @afk z 000yy | |
| 106 | @ar | |
| 200 | 1 | @a农村架空电力线路的安装和检修@9Nong Cun Jia Kong Dian Li Xian Lu De;Di An Zhuang He;Huo;Hu Jian Xiu @f刘熙民编@g水力电力部办公厅图书编辑部编辑@b专著 |
| 210 | @a北京@c中国工业出版社@d1966 | |
| 215 | @a136页@c图表@d19cm | |
| 606 | 0 | @a农村配电@x架空线路@x安装 |
| 606 | 0 | @a农村配电@x架空线路@x检修 |
| 690 | @aTM727.1@v3 | |
| 701 | 0 | @a刘熙民@9liu xi min@4编 |
| 712 | 02 | @a水力电力部办公厅图书编辑部@9shui li dian li bu ban gong ting tu shu bian ji bu@4编辑 |
| 801 | 0 | @aCN@b广东省中山图书馆 |
| 801 | 2 | @aCN@bAiZhiMarc |
| 905 | @aBZT@dTM727.1@e1@f1@sTM727.1/1 | |
| 农村架空电力线路的安装和检修/刘熙民编/水力电力部办公厅图书编辑部编辑.-北京:中国工业出版社,1966 |
| 136页:图表;19cm |
| ISBN K15165.4568(水电-623):CNY0.30 |
| ● |
| 相关链接 |
|
|
|
正题名:农村架空电力线路的安装和检修
索取号:TM727.1/1
 
预约/预借
| 序号 | 登录号 | 条形码 | 馆藏地/架位号 | 状态 | 备注 |
| 1 | 2000078368 | 2000078368 | 旧书回溯/ [索取号:TM727.1/1] | 在馆 |